[Event "CLIQUE AQUI!"]
[Site "http://www.queenalice.com/game.php?id=969734"]
[Date "2011.8.7"]
[Round "-"]
[White "augustosibo"]
[Black "R0ni"]
[Result "0-1"]
[WhiteElo "1543"]
[BlackElo "2429"]

1. g3 d5 2. d4 Nf6 3. Bg5 h6 4. Bxf6 exf6 5. Nc3 Bb4 6. Qd2 O-O 7. O-O-O Nc6 8.
Nf3 Bf5 9. Nh4 Bh7 10. Qe3 Re8 11. Qf3 Be4 12. Nxe4 dxe4 13. Qe3 Qd5 14. c3 Bd6
15. Nf5 Qxf5 16. c4 Qg5 17. Qxg5 fxg5 18. c5 Be7 19. Bg2 Rad8 20. e3 Bf6 21. Bh3
g6 22. Kd2 Nb4 23. a3 Nd5 24. Rc1 Bg7 25. b4 h5 26. c6 b6 27. Bg2 b5 28. f3 Nxe3
29. Kxe3 exf3+ 30. Kxf3 g4+ 31. Kf2 Bxd4+ 32. Kf1 Rd6 33. h3 Rf6+ 34. Bf3 Rxf3+
35. Kg2 Re2# 0-1

[Event "CLIQUE AQUI!"]
[Site "http://www.queenalice.com/game.php?id=969822"]
[Date "2011.8.8"]
[Round "-"]
[White "augustosibo"]
[Black "ro_reinert"]
[Result "1-0"]
[WhiteElo "1395"]
[BlackElo "904"]

1. e4 e5 2. Nc3 Bd6 3. Nf3 Nf6 4. Bc4 O-O 5. Nd5 Nc6 6. Nc3 b6 7. d4 Na5 8. Qe2
Bb7 9. dxe5 Bxe4 10. Nxe4 Be7 11. exf6 gxf6 12. Bd2 c5 13. O-O-O f5 14. Ng3 1-0

[Event "Let's Play Chess!"]
[Site "http://www.queenalice.com/game.php?id=969827"]
[Date "2011.8.7"]
[Round "-"]
[White "arkadiusz42"]
[Black "augustosibo"]
[Result "1-0"]
[WhiteElo "1542"]
[BlackElo "1441"]

1. e4 e5 2. Qh5 Nc6 3. Bc4 Nh6 4. d3 Qe7 5. b3 Nd4 6. Na3 Qf6 7. Bg5 Qg6 8. Qh4
Bxa3 9. Bd8 O-O 10. Qe7 Bxe7 11. Kd2 Bxd8 12. c3 Bg5+ 13. Kd1 Qh5+ 14. f3 Be3
15. g4 Qg6 16. cxd4 Bxd4 17. Rc1 Bxg1 18. Rxg1 d6 19. g5 d5 20. Bxd5 c6 21. Bc4
Be6 22. a4 Bxc4 23. dxc4 Rad8+ 24. Kc2 1-0

[Event "..."]
[Site "http://www.queenalice.com/game.php?id=969831"]
[Date "2011.8.8"]
[Round "-"]
[White "augustosibo"]
[Black "ro_reinert"]
[Result "1-0"]
[WhiteElo "1467"]
[BlackElo "838"]

1. e4 e5 2. Nf3 Nc6 3. Nc3 Bd6 4. Bc4 Qe7 5. Nd5 Qd8 6. Nc3 Qe7 7. Nd5 Qd8 8. d3
Nd4 9. Nxd4 exd4 10. Bf4 Nf6 11. Bxd6 cxd6 12. Nxf6+ Qxf6 13. Qf3 Qe7 14. O-O
O-O 15. Rae1 a6 16. Qf5 b5 17. Bd5 Rb8 18. e5 dxe5 19. Rxe5 Qd8 20. Rfe1 g6 21.
Re8 Qh4 22. Rxf8+ Kxf8 23. Qxf7# 1-0

[Event "Let's Play Chess!"]
[Site "http://www.queenalice.com/game.php?id=969839"]
[Date "2011.8.8"]
[Round "-"]
[White "augustosibo"]
[Black "ro_reinert"]
[Result "1-0"]
[WhiteElo "1452"]
[BlackElo "875"]

1. e4 e5 2. Nf3 d6 3. Be2 Nf6 4. Nc3 Be7 5. Nd5 O-O 6. Nxf6+ Bxf6 7. O-O c5 8.
d3 Nc6 9. c4 a5 10. Be3 b6 11. Qd2 Bg4 12. Ng5 h6 13. Bxg4 Qc7 14. Bf5 Ne7 15.
Nh7 Rfd8 16. Nxf6+ Kf8 17. Nd5 Qb8 18. Nxe7 Qc7 19. Nd5 Qc6 20. g4 1-0

[Event "Challenge"]
[Site "http://www.queenalice.com/game.php?id=970931"]
[Date "2011.8.10"]
[Round "-"]
[White "augustosibo"]
[Black "vickfa"]
[Result "0-1"]
[WhiteElo "1408"]
[BlackElo "959"]

1. e4 e5 2. Nf3 Nf6 3. Nc3 Nc6 4. Nd5 Ng4 5. Qe2 Be7 6. Nxe7 Nxe7 7. Ng5 h5 8.
Qc4 O-O 9. Be2 d6 10. Bxg4 Bxg4 11. O-O a6 12. d3 Qd7 13. d4 Ra7 14. dxe5 dxe5
15. Be3 b6 16. f3 Be6 17. Nxe6 fxe6 18. Rad1 Qe8 19. Qxe6+ Kh7 20. Rd7 Rf6 21.
Qh3 Ra8 22. Rxc7 Nc8 23. Rd1 Ra7 24. Rxc8 Qf7 25. Bxb6 Rb7 26. Bd8 Rg6 27. Qxh5+
Rh6 28. Qxf7 Rxf7 29. Rc7 Rff6 30. Bxf6 Rxf6 31. Re7 Rg6 0-1